000 00349nam a2200133Ia 4500
008 151021s9999 xx 000 0 und d
020 _a446618306
050 _aPS 3569 .J363R4 2006
245 _a_Dear you Nicholas Sparks
260 _aNew York Grand central 2006
300 _a335p.
650 _a_Novel
980 _a^d20130211 10:27:40^oanne
999 _c12856
_d12856